[Event "2024 US National High School (K-12) Championship"]
[Site "Baltimore, Maryland, United States"]
[Date "2024.04.07"]
[Round "6.22"]
[White "Wang, William"]
[Black "Maringanti, Mohit Anirudh Prasad"]
[Result "1-0"]
[TimeControl "G/90; d10"]
[WhiteFideId "30928958"]
[WhiteElo "1749"]
[BlackElo "1750"]

1. e4 {[%clk 01:30:00]} {[%emt 00:00:21]} e5 {[%clk 01:30:00]} 2. Nf3 {[%clk
01:30:00]} {[%emt 00:00:21]} Nc6 {[%clk 01:30:00]} {[%emt 00:00:04]} 3. Bc4
{[%clk 01:29:55]} {[%emt 00:00:10]} Bc5 {[%clk 01:30:00]} {[%emt 00:00:10]} 4.
d3 {[%clk 01:29:55]} {[%emt 00:00:03]} d6 {[%clk 01:30:00]} {[%emt 00:00:02]} 5.
h3 {[%clk 01:29:55]} {[%emt 00:00:03]} h6 {[%clk 01:30:00]} {[%emt 00:00:01]} 6.
Nc3 {[%clk 01:29:55]} Nf6 {[%clk 01:30:00]} {[%emt 00:00:08]} 7. Be3 {[%clk
01:28:43]} {[%emt 00:01:18]} Bb6 {[%clk 01:30:00]} {[%emt 00:00:40]} 8. Bb3
{[%clk 01:28:06]} {[%emt 00:00:09]} Be6 {[%clk 01:30:00]} {[%emt 00:00:35]} 9.
Qd2 {[%clk 01:27:37]} {[%emt 00:00:09]} Qd7 {[%clk 01:29:46]} {[%emt 00:00:25]}
10. O-O-O {[%clk 01:25:39]} {[%emt 00:02:07]} Bxb3 {[%clk 01:29:04]} {[%emt
00:00:52]} 11. axb3 {[%clk 01:25:39]} {[%emt 00:00:32]} Ba5 {[%clk 01:28:22]}
{[%emt 00:00:33]} 12. Qe2 {[%clk 01:22:06]} {[%emt 00:03:36]} Bxc3 {[%clk
01:28:00]} {[%emt 00:00:49]} 13. bxc3 {[%clk 01:22:06]} {[%emt 00:00:06]} O-O
{[%clk 01:27:30]} {[%emt 00:00:22]} 14. g4 {[%clk 01:21:28]} {[%emt 00:00:47]}
Nh7 {[%clk 01:25:01]} {[%emt 00:02:37]} 15. Nh4 {[%clk 01:17:33]} {[%emt
00:04:05]} d5 {[%clk 01:24:51]} {[%emt 00:00:29]} 16. Bc5 {[%clk 01:16:23]}
{[%emt 00:01:13]} Rfe8 {[%clk 01:24:12]} {[%emt 00:01:09]} 17. Nf5 {[%clk
01:15:20]} {[%emt 00:00:51]} b6 {[%clk 01:23:48]} {[%emt 00:00:41]} 18. Be3
{[%clk 01:11:22]} {[%emt 00:04:07]} d4 {[%clk 01:20:35]} {[%emt 00:03:14]} 19.
Bd2 {[%clk 01:07:58]} {[%emt 00:03:34]} a5 {[%clk 01:17:51]} {[%emt 00:02:54]}
20. g5 {[%clk 01:06:26]} {[%emt 00:01:42]} dxc3 {[%clk 01:06:07]} {[%emt
00:11:54]} 21. Bxc3 {[%clk 01:06:18]} {[%emt 00:00:18]} hxg5 {[%clk 01:04:38]}
{[%emt 00:01:43]} 22. h4 {[%clk 01:06:16]} {[%emt 00:00:09]} Ne7 {[%clk
01:02:33]} {[%emt 00:02:14]} 23. Ne3 {[%clk 01:03:11]} {[%emt 00:03:16]} Ng6
{[%clk 00:58:32]} {[%emt 00:04:11]} 24. Nf5 {[%clk 01:01:30]} {[%emt 00:01:50]}
Nxh4 {[%clk 00:53:57]} {[%emt 00:04:44]} 25. Nxh4 {[%clk 01:00:02]} {[%emt
00:01:47]} gxh4 {[%clk 00:53:48]} {[%emt 00:00:12]} 26. Rxh4 {[%clk 01:00:01]}
{[%emt 00:00:09]} f6 {[%clk 00:50:34]} {[%emt 00:03:24]} 27. Rdh1 {[%clk
00:59:42]} {[%emt 00:00:31]} Ng5 {[%clk 00:49:31]} {[%emt 00:01:13]} 28. Qh5
{[%clk 00:58:18]} {[%emt 00:01:32]} Kf8 {[%clk 00:48:27]} {[%emt 00:01:15]} 29.
f4 {[%clk 00:54:40]} {[%emt 00:03:48]} exf4 {[%clk 00:45:36]} {[%emt 00:03:03]}
30. Rxf4 {[%clk 00:54:40]} {[%emt 00:00:08]} Ne6 {[%clk 00:41:07]} {[%emt
00:04:39]} 31. Rxf6+ {[%clk 00:52:12]} {[%emt 00:02:38]} gxf6 {[%clk 00:38:50]}
{[%emt 00:02:27]} 32. Qh8+ {[%clk 00:52:12]} {[%emt 00:00:42]} Ke7 {[%clk
00:38:28]} {[%emt 00:00:07]} 33. Rh7+ {[%clk 00:52:12]} Kd6 {[%clk 00:37:33]}
{[%emt 00:00:56]} 34. Rxd7+ {[%clk 00:52:12]} {[%emt 00:00:16]} Kxd7 {[%clk
00:37:33]} 35. Qxf6 {[%clk 00:52:11]} {[%emt 00:00:06]} Rf8 {[%clk 00:37:27]}
{[%emt 00:00:33]} 36. Qe5 {[%clk 00:51:57]} {[%emt 00:00:07]} Rae8 {[%clk
00:37:25]} {[%emt 00:00:13]} 37. Qd5+ {[%clk 00:51:39]} {[%emt 00:00:28]} Kc8
{[%clk 00:37:25]} {[%emt 00:00:26]} 38. Kb2 {[%clk 00:51:28]} {[%emt 00:00:07]}
Nc5 {[%clk 00:36:53]} {[%emt 00:00:33]} 39. e5 {[%clk 00:50:17]} {[%emt
00:01:24]} Rf2 {[%clk 00:35:04]} {[%emt 00:02:04]} 40. Qc4 {[%clk 00:48:24]}
{[%emt 00:02:02]} Rff8 {[%clk 00:32:21]} {[%emt 00:02:45]} 41. d4 {[%clk
00:47:44]} {[%emt 00:00:52]} Ne4 {[%clk 00:31:59]} {[%emt 00:00:32]} 42. Qc6
{[%clk 00:47:12]} {[%emt 00:00:44]} Nxc3 {[%clk 00:31:30]} {[%emt 00:00:35]} 43.
Qxc3 {[%clk 00:47:12]} {[%emt 00:00:29]} Kb7 {[%clk 00:31:30]} 44. d5 {[%clk
00:47:12]} {[%emt 00:00:08]} Rc8 {[%clk 00:31:11]} {[%emt 00:00:16]} 45. Qc6+
{[%clk 00:47:12]} {[%emt 00:00:36]} Ka7 {[%clk 00:30:55]} {[%emt 00:00:04]} 46.
e6 {[%clk 00:47:12]} {[%emt 00:00:04]} Rfd8 {[%clk 00:30:33]} {[%emt 00:00:39]}
47. c4 {[%clk 00:45:36]} {[%emt 00:01:33]} Rd6 {[%clk 00:30:03]} {[%emt
00:00:41]} 48. Qa4 {[%clk 00:45:33]} {[%emt 00:00:21]} c6 {[%clk 00:29:16]}
{[%emt 00:00:49]} 49. Qa3 {[%clk 00:45:18]} {[%emt 00:00:24]} c5 {[%clk
00:28:57]} {[%emt 00:00:31]} 50. Qa4 {[%clk 00:44:54]} {[%emt 00:00:32]} Rdd8
{[%clk 00:28:17]} {[%emt 00:00:49]} 51. e7 {[%clk 00:44:54]} {[%emt 00:00:30]}
Rh8 {[%clk 00:27:59]} {[%emt 00:00:07]} 52. d6 {[%clk 00:44:29]} {[%emt
00:00:32]} Rcg8 {[%clk 00:27:24]} {[%emt 00:01:14]} 53. Qd7+ {[%clk 00:44:01]}
{[%emt 00:00:08]} Ka6 {[%clk 00:27:18]} {[%emt 00:00:17]} 54. Ka3 {[%clk
00:43:30]} {[%emt 00:00:39]} a4 {[%clk 00:11:20]} {[%emt 00:16:12]} 55. Qxa4+
{[%clk 00:43:30]} {[%emt 00:00:05]} Kb7 {[%clk 00:11:19]} {[%emt 00:00:09]} 56.
d7 {[%clk 00:43:30]} {[%emt 00:00:31]} Kc7 {[%clk 00:11:12]} {[%emt 00:00:03]}
57. e8=Q {[%clk 00:43:30]} Rxe8 {[%clk 00:10:25]} {[%emt 00:00:48]} 58. dxe8=Q
{[%clk 00:43:30]} {[%emt 00:00:18]} Rxe8 {[%clk 00:10:25]} 59. Qxe8 {[%clk
00:43:30]} {[%emt 00:00:15]} Kb7 {[%clk 00:10:24]} 60. Qb5 {[%clk 00:43:30]}
Ka8 {[%clk 00:10:22]} {[%emt 00:00:13]} 61. Qd7 {[%clk 00:43:30]} {[%emt
00:00:18]} 1-0

[Event "2024 US National High School (K-12) Championship"]
[Site "Baltimore, Maryland, United States"]
[Date "2024.04.07"]
[Round "6.23"]
[White "Pinnow, Daniel S"]
[Black "Date, Yash"]
[Result "0-1"]
[TimeControl "G/90; d10"]
[BlackFideId "39901866"]
[WhiteElo "1357"]
[BlackElo "1562"]

1. e4 {[%clk 01:30:00]} {[%emt 00:01:02]} e5 {[%clk 01:30:00]} 2. Nc3 {[%clk
01:30:00]} Nf6 {[%clk 01:30:00]} {[%emt 00:00:02]} 3. f4 {[%clk 01:30:00]} d5
{[%clk 01:30:00]} 4. fxe5 {[%clk 01:29:55]} {[%emt 00:00:02]} Nxe4 {[%clk
01:30:00]} {[%emt 00:00:01]} 5. Nf3 {[%clk 01:29:55]} {[%emt 00:00:02]} Nxc3
{[%clk 01:28:51]} {[%emt 00:01:30]} 6. bxc3 {[%clk 01:29:55]} c5 {[%clk
01:28:33]} {[%emt 00:00:10]} 7. d4 {[%clk 01:29:54]} {[%emt 00:00:10]} cxd4
{[%clk 01:27:39]} {[%emt 00:01:14]} 8. cxd4 {[%clk 01:29:49]} {[%emt 00:00:05]}
Nc6 {[%clk 01:23:29]} {[%emt 00:04:19]} 9. Bd3 {[%clk 01:29:19]} {[%emt
00:00:41]} Bb4+ {[%clk 01:19:28]} {[%emt 00:04:14]} 10. Bd2 {[%clk 01:29:19]}
{[%emt 00:00:10]} Qa5 {[%clk 01:17:14]} {[%emt 00:02:23]} 11. Bxb4 {[%clk
01:24:43]} {[%emt 00:04:42]} Qxb4+ {[%clk 01:16:35]} {[%emt 00:00:50]} 12. Qd2
{[%clk 01:24:43]} {[%emt 00:00:14]} Qxd2+ {[%clk 01:15:58]} {[%emt 00:00:53]}
13. Kxd2 {[%clk 01:24:43]} {[%emt 00:00:08]} Bg4 {[%clk 01:12:06]} {[%emt
00:03:44]} 14. c3 {[%clk 01:23:08]} {[%emt 00:01:49]} Rc8 {[%clk 01:09:21]}
{[%emt 00:02:53]} 15. Rab1 {[%clk 01:21:11]} {[%emt 00:02:06]} Rc7 {[%clk
01:07:38]} {[%emt 00:01:55]} 16. Rb5 {[%clk 01:17:59]} {[%emt 00:03:20]} Ne7
{[%clk 01:07:00]} {[%emt 00:00:48]} 17. Rhb1 {[%clk 01:15:35]} {[%emt
00:03:05]} Bc8 {[%clk 01:06:53]} {[%emt 00:00:07]} 18. a4 {[%clk 01:11:52]}
{[%emt 00:03:34]} O-O {[%clk 01:05:04]} {[%emt 00:02:03]} 19. a5 {[%clk
01:09:33]} {[%emt 00:02:23]} Rd8 {[%clk 01:00:34]} {[%emt 00:04:40]} 20. h3
{[%clk 01:05:40]} {[%emt 00:04:02]} Ng6 {[%clk 00:57:11]} {[%emt 00:03:34]} 21.
g3 {[%clk 01:03:23]} {[%emt 00:02:52]} Rc6 {[%clk 00:50:29]} {[%emt 00:06:27]}
22. Ng1 {[%clk 01:00:42]} {[%emt 00:02:50]} f6 {[%clk 00:45:24]} {[%emt
00:05:18]} 23. Bxg6 {[%clk 00:59:28]} {[%emt 00:01:24]} hxg6 {[%clk 00:45:08]}
{[%emt 00:00:27]} 24. exf6 {[%clk 00:59:01]} {[%emt 00:00:33]} Rxf6 {[%clk
00:43:49]} {[%emt 00:01:29]} 25. h4 {[%clk 00:57:46]} {[%emt 00:01:25]} Rf2+
{[%clk 00:39:41]} {[%emt 00:04:18]} 26. Ke3 {[%clk 00:56:34]} {[%emt 00:01:22]}
Rc2 {[%clk 00:38:54]} {[%emt 00:00:57]} 27. R5b3 {[%clk 00:54:39]} {[%emt
00:02:05]} Re8+ {[%clk 00:37:57]} {[%emt 00:01:18]} 28. Kf4 {[%clk 00:54:00]}
{[%emt 00:00:37]} Re4+ {[%clk 00:37:42]} {[%emt 00:00:27]} 29. Kf3 {[%clk
00:51:18]} {[%emt 00:02:59]} Bg4# 0-1

[Event "2024 US National High School (K-12) Championship"]
[Site "Baltimore, Maryland, United States"]
[Date "2024.04.07"]
[Round "6.24"]
[White "Panjwani, Imad"]
[Black "Brodetzki, Noam"]
[Result "1/2-1/2"]
[TimeControl "G/90; d10"]
[WhiteElo "1524"]
[BlackElo "1255"]

1. c4 {[%clk 01:29:58]} {[%emt 00:00:58]} c5 {[%clk 01:30:00]} 2. Nc3 {[%clk
01:29:58]} Nc6 {[%clk 01:30:00]} 3. Nf3 {[%clk 01:29:58]} {[%emt 00:00:03]} g6
{[%clk 01:29:52]} {[%emt 00:00:08]} 4. g3 {[%clk 01:29:58]} Bg7 {[%clk
01:29:52]} 5. Bg2 {[%clk 01:29:58]} {[%emt 00:00:01]} Nf6 {[%clk 01:29:52]} 6.
O-O {[%clk 01:29:58]} O-O {[%clk 01:29:52]} 7. d3 {[%clk 01:29:58]} {[%emt
00:00:03]} e6 {[%clk 01:29:20]} {[%emt 00:00:40]} 8. Be3 {[%clk 01:28:49]}
{[%emt 00:01:19]} b6 {[%clk 01:28:10]} {[%emt 00:01:19]} 9. Ne5 {[%clk
01:27:18]} {[%emt 00:01:41]} Bb7 {[%clk 01:25:03]} {[%emt 00:03:18]} 10. Nxc6
{[%clk 01:27:18]} {[%emt 00:00:22]} Bxc6 {[%clk 01:25:03]} {[%emt 00:00:06]} 11.
Bxc6 {[%clk 01:27:18]} dxc6 {[%clk 01:25:03]} 12. Qd2 {[%clk 01:25:47]} {[%emt
00:01:38]} Ng4 {[%clk 01:23:27]} {[%emt 00:01:41]} 13. Bg5 {[%clk 01:25:47]}
{[%emt 00:00:16]} Bxc3 {[%clk 01:21:59]} {[%emt 00:01:29]} 14. bxc3 {[%clk
01:25:46]} {[%emt 00:00:42]} f6 {[%clk 01:21:21]} {[%emt 00:00:37]} 15. Bf4
{[%clk 01:21:20]} {[%emt 00:04:21]} e5 {[%clk 01:18:16]} {[%emt 00:03:36]} 16.
Bh6 {[%clk 01:21:17]} Rf7 {[%clk 01:15:52]} {[%emt 00:02:23]} 17. h3 {[%clk
01:19:49]} {[%emt 00:02:19]} Nxh6 {[%clk 01:08:09]} {[%emt 00:07:10]} 18. Qxh6
{[%clk 01:19:49]} {[%emt 00:00:44]} b5 {[%clk 01:03:56]} {[%emt 00:03:43]} 19.
cxb5 {[%clk 01:17:55]} {[%emt 00:02:06]} cxb5 {[%clk 01:03:44]} {[%emt
00:00:21]} 20. Rfb1 {[%clk 01:17:24]} {[%emt 00:00:40]} Rb8 {[%clk 01:01:46]}
{[%emt 00:02:08]} 21. Qe3 {[%clk 01:15:57]} {[%emt 00:01:37]} Qd6 {[%clk
00:59:57]} {[%emt 00:01:58]} 22. Rb2 {[%clk 01:12:48]} {[%emt 00:03:19]} a5
{[%clk 00:58:34]} {[%emt 00:01:37]} 23. Rab1 {[%clk 01:11:25]} {[%emt
00:01:30]} Rfb7 {[%clk 00:56:32]} {[%emt 00:02:12]} 24. a3 {[%clk 01:10:03]}
{[%emt 00:01:31]} Qc6 {[%clk 00:55:42]} {[%emt 00:01:01]} 25. Rc1 {[%clk
01:09:06]} {[%emt 00:01:08]} Qd6 {[%clk 00:54:47]} {[%emt 00:01:05]} 26. Rbc2
{[%clk 01:02:58]} {[%emt 00:06:18]} b4 {[%clk 00:49:00]} {[%emt 00:05:56]} 27.
axb4 {[%clk 01:02:58]} {[%emt 00:00:39]} axb4 {[%clk 00:48:50]} {[%emt
00:00:03]} 28. cxb4 {[%clk 01:02:58]} cxb4 {[%clk 00:48:46]} {[%emt 00:00:06]}
29. Qf3 {[%clk 00:56:10]} {[%emt 00:06:45]} Qf8 {[%clk 00:47:20]} {[%emt
00:01:37]} 30. Qxb7 {[%clk 00:50:28]} {[%emt 00:05:56]} Rxb7 {[%clk 00:46:26]}
{[%emt 00:01:04]} 31. Rc8 {[%clk 00:50:09]} {[%emt 00:00:25]} b3 {[%clk
00:45:10]} {[%emt 00:01:26]} 32. Rxf8+ {[%clk 00:50:09]} {[%emt 00:00:39]} Kxf8
{[%clk 00:45:10]} 33. Kf1 {[%clk 00:50:09]} {[%emt 00:00:03]} Ke7 {[%clk
00:44:51]} {[%emt 00:00:05]} 34. Ke1 {[%clk 00:50:09]} {[%emt 00:00:03]} Kd6
{[%clk 00:43:57]} {[%emt 00:01:01]} 35. Kd2 {[%clk 00:50:09]} {[%emt 00:00:38]}
Kd5 {[%clk 00:43:28]} {[%emt 00:00:05]} 36. e4+ {[%clk 00:49:27]} {[%emt
00:00:50]} Kd6 {[%clk 00:43:12]} {[%emt 00:00:26]} 37. Rb1 {[%clk 00:48:42]}
{[%emt 00:00:55]} Kc5 {[%clk 00:38:52]} {[%emt 00:04:30]} 38. Kc3 {[%clk
00:48:42]} {[%emt 00:00:31]} f5 {[%clk 00:38:08]} {[%emt 00:00:52]} 39. exf5
{[%clk 00:47:20]} {[%emt 00:01:07]} gxf5 {[%clk 00:38:08]} {[%emt 00:00:06]} 40.
Rxb3 {[%clk 00:47:20]} {[%emt 00:00:06]} Rxb3+ {[%clk 00:28:59]} {[%emt
00:09:18]} 41. Kxb3 {[%clk 00:46:26]} {[%emt 00:01:05]} Kd4 {[%clk 00:28:20]}
{[%emt 00:00:49]} 42. Kc2 {[%clk 00:46:26]} {[%emt 00:00:53]} e4 {[%clk
00:28:20]} 43. dxe4 {[%clk 00:46:26]} Kxe4 {[%clk 00:28:19]} 44. Kd2 {[%clk
00:46:01]} {[%emt 00:00:08]} Kf3 {[%clk 00:28:16]} {[%emt 00:00:35]} 45. Ke1
{[%clk 00:46:01]} Kg2 {[%clk 00:28:10]} {[%emt 00:00:03]} 46. h4 {[%clk
00:39:01]} {[%emt 00:06:58]} Kf3 {[%clk 00:27:32]} {[%emt 00:00:48]} 47. Kf1
{[%clk 00:39:01]} {[%emt 00:00:15]} h5 {[%clk 00:25:25]} {[%emt 00:02:07]} 48.
Kg1 {[%clk 00:37:01]} {[%emt 00:02:10]} f4 {[%clk 00:23:12]} {[%emt 00:02:23]}
49. Kh2 {[%clk 00:36:32]} {[%emt 00:00:39]} fxg3+ {[%clk 00:22:07]} {[%emt
00:01:15]} 50. fxg3 {[%clk 00:36:32]} {[%emt 00:00:22]} Kf2 {[%clk 00:22:05]}
{[%emt 00:00:06]} 1/2-1/2

[Event "2024 US National High School (K-12) Championship"]
[Site "Baltimore, Maryland, United States"]
[Date "2024.04.07"]
[Round "6.25"]
[White "Kogan, Jonathan"]
[Black "Meyer, George"]
[Result "1/2-1/2"]
[TimeControl "G/90; d10"]
[WhiteElo "798"]
[BlackElo "729"]

1. e4 {[%clk 01:30:00]} {[%emt 00:00:01]} e5 {[%clk 01:30:00]} {[%emt
00:00:03]} 2. Nf3 {[%clk 01:30:00]} {[%emt 00:00:13]} Nc6 {[%clk 01:29:52]}
{[%emt 00:00:35]} 3. d4 {[%clk 01:30:00]} {[%emt 00:00:03]} d6 {[%clk
01:28:35]} {[%emt 00:01:03]} 4. dxe5 {[%clk 01:30:00]} {[%emt 00:00:09]} Bg4
{[%clk 01:28:22]} {[%emt 00:00:23]} 5. Bb5 {[%clk 01:29:42]} {[%emt 00:00:29]}
dxe5 {[%clk 01:26:23]} {[%emt 00:02:08]} 6. Qxd8+ {[%clk 01:29:12]} {[%emt
00:00:37]} Kxd8 {[%clk 01:26:15]} {[%emt 00:00:20]} 7. Bxc6 {[%clk 01:29:05]}
{[%emt 00:00:17]} Bxf3 {[%clk 01:26:00]} {[%emt 00:00:26]} 8. gxf3 {[%clk
01:28:20]} {[%emt 00:00:54]} bxc6 {[%clk 01:26:00]} {[%emt 00:00:10]} 9. Be3
{[%clk 01:28:20]} {[%emt 00:00:07]} g6 {[%clk 01:25:36]} {[%emt 00:00:34]} 10.
Nc3 {[%clk 01:28:16]} {[%emt 00:00:14]} Bh6 {[%clk 01:25:27]} {[%emt 00:00:19]}
11. O-O-O+ {[%clk 01:27:45]} {[%emt 00:00:41]} Ke7 {[%clk 01:25:08]} {[%emt
00:00:29]} 12. Rhe1 {[%clk 01:26:04]} {[%emt 00:02:02]} Bxe3+ {[%clk 01:24:42]}
{[%emt 00:00:37]} 13. Rxe3 {[%clk 01:25:06]} {[%emt 00:01:07]} h5 {[%clk
01:23:25]} {[%emt 00:01:27]} 14. Red3 {[%clk 01:25:06]} {[%emt 00:00:09]} Nf6
{[%clk 01:23:25]} {[%emt 00:00:10]} 15. f4 {[%clk 01:23:46]} {[%emt 00:01:31]}
Ke6 {[%clk 01:21:42]} {[%emt 00:01:53]} 16. Ne2 {[%clk 01:22:43]} {[%emt
00:00:56]} Ng4 {[%clk 01:21:32]} {[%emt 00:00:35]} 17. Rf3 {[%clk 01:19:55]}
{[%emt 00:02:56]} Nxh2 {[%clk 01:20:41]} {[%emt 00:01:03]} 18. f5+ {[%clk
01:19:30]} {[%emt 00:00:35]} Ke7 {[%clk 01:20:05]} {[%emt 00:00:47]} 19. Rc3
{[%clk 01:17:59]} {[%emt 00:01:40]} Ng4 {[%clk 01:19:29]} {[%emt 00:00:46]} 20.
Rxc6 {[%clk 01:17:23]} {[%emt 00:00:47]} Nxf2 {[%clk 01:17:53]} {[%emt
00:01:45]} 21. Rxc7+ {[%clk 01:17:13]} {[%emt 00:00:21]} Kf6 {[%clk 01:16:43]}
{[%emt 00:01:19]} 22. Rf1 {[%clk 01:15:44]} {[%emt 00:01:38]} Nxe4 {[%clk
01:15:27]} {[%emt 00:01:27]} 23. fxg6+ {[%emt 00:05:15]} Kxg6 {[%clk 01:10:14]}
{[%emt 00:00:26]} 24. Rcxf7 {[%clk 01:14:57]} {[%emt 00:00:47]} Rh7 {[%clk
01:09:27]} {[%emt 00:01:00]} 25. Rxh7 {[%clk 01:14:26]} {[%emt 00:00:40]} Kxh7
{[%clk 01:09:27]} {[%emt 00:00:08]} 26. Rh1 {[%emt 00:00:11]} Kh6 {[%emt
00:00:17]} 27. Rh4 {[%clk 01:13:20]} {[%emt 00:00:47]} Nf6 {[%clk 01:08:29]}
{[%emt 00:01:09]} 28. Kd2 {[%clk 01:12:32]} {[%emt 00:00:55]} Kg5 {[%clk
01:07:42]} {[%emt 00:01:00]} 29. Rh1 {[%clk 01:12:08]} {[%emt 00:00:34]} Rb8
{[%clk 01:04:46]} {[%emt 00:03:07]} 30. b3 {[%clk 01:11:31]} {[%emt 00:00:47]}
Ne4+ {[%clk 01:03:08]} {[%emt 00:01:46]} 31. Ke3 {[%clk 01:10:57]} {[%emt
00:00:44]} Nf6 {[%clk 01:02:57]} {[%emt 00:00:22]} 32. Ng3 {[%clk 01:10:41]}
{[%emt 00:00:25]} Ng4+ {[%emt 00:01:59]} 33. Ke2 {[%clk 01:06:29]} {[%emt
00:03:43]} h4 {[%clk 01:01:41]} {[%emt 00:00:18]} 34. Ne4+ {[%clk 01:05:42]}
{[%emt 00:00:52]} Kh5 {[%clk 01:00:41]} {[%emt 00:01:14]} 35. Ng3+ {[%clk
01:05:24]} {[%emt 00:00:28]} Kg5 {[%clk 01:00:03]} {[%emt 00:00:49]} 36. Ne4+
{[%clk 01:05:22]} {[%emt 00:00:12]} Kh5 {[%clk 00:59:02]} {[%emt 00:01:11]} 37.
Ng3+ {[%clk 01:04:43]} {[%emt 00:00:49]} 1/2-1/2